00929 a2200193 45000010006000000050017000060080041000230030015000640400040000790800072001192450030001910200018002212640052002393000018002915050370003090410008006791000024006877000024007112944120260407155604.0260407a1995 arg spa dAR-UNSa-BCEJYS aAR-UNSa-BCEJYSbspacAR-UNSa-BCEJYS a336.225xMétodo de tributación y administración de impuestos 10aDeterminación de oficio a950-811-026-0 1aBuenos Aires :bEdiciones Nueva Técnicac1995 a86 p.c28 cm. a1. Concepto - 2. Modalidades - 3. Casos en que procede - 4. Casos en que no procede - 5. Procedimiento - 6. Caducidad de la instancia - 7. Liquidación administrativa - 8. Presunciones - 9. Resolución administrativa - 10. Efectos de la determinación de oficio - 11. Propuestas de las doctrinas tendientes a mejorar el procedimiento de determinación de oficio aspa1 aRofrano, Omar Angel1 aGomez, Oscar Daniel